Quelle ville à plus de population? Édition Russie - Statistiques

Statistiques générales
  • Ce quiz a été pris 41 fois
  • Le résultat moyen est 33 sur 45
Statistiques - réponses
Question Tuile Select % Correct
Quelle ville russe à plus de population? Moscou Oui
97%
Quelle ville russe à plus de population? Krasnoïarsk Non
89%
Quelle ville russe à plus de population? Nijni Novgorod Non
89%
Quelle ville russe à plus de population? Novossibirsk Non
89%
Quelle ville russe à plus de population? Oufa Non
89%
Quelle ville russe à plus de population? Samara Non
89%
Quelle ville russe à plus de population? Iekaterinbourg Non
86%
Quelle ville russe à plus de population? Kazan Non
86%
Quelle ville russe à plus de population? Kirov Non
83%
Quelle ville russe à plus de population? Kostroma Non
83%
Quelle ville russe à plus de population? Naltchik Non
83%
Quelle ville russe à plus de population? Oufa Non
83%
Quelle ville russe à plus de population? Oulianovsk Non
83%
Quelle ville russe à plus de population? Taganrog Non
83%
Quelle ville russe à plus de population? Naberejnye Tchelny Non
80%
Quelle ville russe à plus de population? Nakhodka Non
80%
Quelle ville russe à plus de population? Saint-Pétersbourg Non
80%
Quelle ville russe à plus de population? Salavat Non
80%
Quelle ville russe à plus de population? Sourgout Non
80%
Quelle ville russe à plus de population? Komsomolsk-sur-l'Amour Non
77%
Quelle ville russe à plus de population? Krasnodar Non
77%
Quelle ville russe à plus de population? Krasnoïarsk Non
77%
Quelle ville russe à plus de population? Mejdouretchensk Non
77%
Quelle ville russe à plus de population? Nijni Novgorod Non
77%
Quelle ville russe à plus de population? Novossibirsk Non
77%
Quelle ville russe à plus de population? Kansk Non
74%
Quelle ville russe à plus de population? Odintsovo Non
74%
Quelle ville russe à plus de population? Pervoouralsk Non
74%
Quelle ville russe à plus de population? Vologda Non
74%
Quelle ville russe à plus de population? Oust-Ilimsk Non
71%
Quelle ville russe à plus de population? Piatigorsk Non
71%
Quelle ville russe à plus de population? Saint-Pétersbourg Oui
71%
Quelle ville russe à plus de population? Solikamsk Non
71%
Quelle ville russe à plus de population? Zelenodolsk Non
71%
Quelle ville russe à plus de population? Balachikha Non
69%
Quelle ville russe à plus de population? Derbent Non
69%
Quelle ville russe à plus de population? Piatigorsk Non
69%
Quelle ville russe à plus de population? Glazov Non
66%
Quelle ville russe à plus de population? Khimki Non
63%
Quelle ville russe à plus de population? Korolev Non
63%
Quelle ville russe à plus de population? Novochakhtinsk Non
63%
Quelle ville russe à plus de population? Orel Non
60%
Quelle ville russe à plus de population? Sotchi Oui
51%
Quelle ville russe à plus de population? Maïkop Oui
17%
Quelle ville russe à plus de population? Sarapoul Oui
11%
Aucun quiz correspondant
Distribution des résultats
% des personnes avec chaque résultat
Percentile par nombre de réponses
Votre historique - résultats
Vous n’avez pas pris ce quiz